[Event "Ostravský koník 2014 - FIDE Open B"]
[Site "Ostrava, CZE"]
[Date "2014.05.02"]
[Round "7"]
[White "Bartos, Michal"]
[Black "Zizka, Radim"]
[Result "1/2-1/2"]
[WhiteElo "1960"]
[BlackElo "1687"]
[PlyCount "44"]

1. e4 e5 2. Nf3 Nc6 3. Bc4 Nf6 4. d3 Be7 5. c3 d6 6. h3 h6 7. b4 O-O 8. O-O Be6
9. Nbd2 Bxc4 10. Nxc4 b5 11. Ne3 Re8 12. Nh2 d5 13. exd5 Nxd5 14. Nxd5 Qxd5 15.
Qe2 a5 16. bxa5 Nxa5 17. Be3 Nb7 18. c4 bxc4 19. dxc4 Qc6 20. Ng4 Bf8 21. Rfc1
Nc5 22. Bxc5 Bxc5 1/2-1/2

[Event "Ostravský koník 2014 - FIDE Open B"]
[Site "Ostrava, CZE"]
[Date "2014.05.02"]
[Round "7"]
[White "Sándor, Stefan"]
[Black "Carbol, Otmar"]
[Result "1-0"]
[WhiteElo "1653"]
[BlackElo "1683"]
[PlyCount "79"]

1. e4 d6 2. Nf3 g6 3. d4 Bg7 4. h3 Nf6 5. e5 dxe5 6. Nxe5 O-O 7. Be2 Nbd7 8.
Nf3 b6 9. O-O Bb7 10. Nc3 c6 11. Be3 Re8 12. Qd2 e6 13. Bh6 Nd5 14. Bxg7 Kxg7
15. Nxd5 exd5 16. Bd3 c5 17. c3 c4 18. Bc2 b5 19. Rfe1 Qf6 20. Rxe8 Rxe8 21.
Re1 Re6 22. Rxe6 fxe6 23. Qg5 Qxg5 24. Nxg5 e5 25. dxe5 Nxe5 26. Ne6+ Kf6 27.
Nd4 a6 28. f3 Bc8 29. Kf2 Bd7 30. f4 Nf7 31. Bd1 Bf5 32. g4 Bd7 33. Bf3 Be6 34.
Bd1 Bd7 35. Bc2 h6 36. Ke3 a5 37. a3 Nd8 38. Bd1 Bc8 39. Bf3 h5 40. Nxb5 1-0

[Event "Ostravský koník 2014 - FIDE Open B"]
[Site "Ostrava, CZE"]
[Date "2014.05.02"]
[Round "7"]
[White "Hotárek, Jaroslav"]
[Black "Prívozník, Lubos"]
[Result "1/2-1/2"]
[WhiteElo "1668"]
[BlackElo "1647"]
[PlyCount "127"]

1. e4 e6 2. d4 d5 3. e5 c5 4. c3 Nc6 5. Nf3 Qb6 6. dxc5 Bxc5 7. Qd2 Nh6 8. b4
Be7 9. Qd3 Ng4 10. Be3 Nxe3 11. Qxe3 Qxe3+ 12. fxe3 Bd8 13. Bb5 O-O 14. Bxc6
bxc6 15. O-O a5 16. Nbd2 axb4 17. cxb4 Bb6 18. Nd4 c5 19. bxc5 Bxc5 20. N2b3
Bb6 21. Rfc1 Ra7 22. Rc6 Ra6 23. Rac1 Bb7 24. R6c2 Raa8 25. Rb2 Rfc8 26. Rxc8+
Bxc8 27. Kf2 Bd7 28. Rc2 Kf8 29. Ke2 Ra7 30. Kd2 Ba4 31. Kd3 Bd7 32. Kd2 Ra3
33. Kc1 f6 34. Kb2 Ra6 35. exf6 gxf6 36. Nc5 Bxc5 37. Rxc5 Ke7 38. a3 e5 39.
Nf3 Kd6 40. Rc3 Rc6 41. Rb3 Bf5 42. a4 Rc2+ 43. Ka3 Rxg2 44. Nh4 Rf2 45. Nxf5+
Rxf5 46. a5 Rf1 47. Kb4 Kc6 48. Rc3+ Kb7 49. Kc5 Ra1 50. Rb3+ Kc7 51. Kxd5
Rxa5+ 52. Ke6 Ra6+ 53. Kf5 Ra2 54. Kxf6 Rxh2 55. Kxe5 Rf2 56. Rd3 h5 57. e4 Rf8
58. Rh3 Rh8 59. Kf6 h4 60. e5 Kd7 61. Kf7 Rh7+ 62. Kf6 Ke8 63. e6 Rh6+ 64. Ke5
1/2-1/2

[Event "Ostravský koník 2014 - FIDE Open B"]
[Site "Ostrava, CZE"]
[Date "2014.05.02"]
[Round "7"]
[White "Gemsa, Pavel"]
[Black "Bosòák, Ondrej"]
[Result "1-0"]
[WhiteElo "1626"]
[BlackElo "1471"]
[PlyCount "121"]

1. e4 e5 2. Nf3 Nc6 3. Bc4 Nf6 4. Ng5 d5 5. exd5 Nxd5 6. Nxf7 Kxf7 7. Qf3+ Qf6
8. Bxd5+ Ke7 9. Qxf6+ gxf6 10. Bxc6 bxc6 11. b3 Ba6 12. Ba3+ Kf7 13. Bxf8 Rhxf8
14. Nc3 Rad8 15. O-O-O Rg8 16. g3 Bc8 17. Rde1 Bf5 18. d3 Rd7 19. Ne4 Rd5 20.
h3 h5 21. f3 Be6 22. g4 h4 23. Nc3 Rd4 24. Re4 Rgd8 25. Ne2 Rxe4 26. dxe4 Rd6
27. Rd1 Bc8 28. c4 a5 29. Rxd6 cxd6 30. Kb2 Ba6 31. Nc3 Kg6 32. Ne2 d5 33. exd5
cxd5 34. Kc3 Kg5 35. f4+ exf4 36. Nd4 dxc4 37. bxc4 Bb7 38. Ne6+ Kh6 39. Nxf4
Bc8 40. Kd4 f5 41. gxf5 Bxf5 42. Ke5 Bc8 43. c5 Kg7 44. Ng2 Kf7 45. Nxh4 Bxh3
46. Kd6 Be6 47. a3 Bh3 48. c6 Ke8 49. Kc7 Bg4 50. Ng6 Bf5 51. Ne5 Ke7 52. Nc4
a4 53. Nb6 Bc2 54. Kb8 Kd6 55. c7 Bf5 56. Nxa4 Kc6 57. Nc3 Bd7 58. a4 Kb6 59.
c8=Q Bxc8 60. Kxc8 Kc6 61. a5 1-0

[Event "Ostravský koník 2014 - FIDE Open B"]
[Site "Ostrava, CZE"]
[Date "2014.05.02"]
[Round "7"]
[White "Mica, Marek"]
[Black "Laurincová, Kristýna"]
[Result "1/2-1/2"]
[WhiteElo "1369"]
[BlackElo "1584"]
[PlyCount "48"]

1. d4 d5 2. c4 c6 3. Nc3 Nf6 4. Nf3 Bf5 5. Bg5 Nbd7 6. e3 e6 7. cxd5 exd5 8.
Be2 Bd6 9. O-O O-O 10. Bd3 Be6 11. Qc2 Bb8 12. Bxh7+ Kh8 13. Bf5 Qc7 14. Bf4
Qd8 15. Bxb8 Qxb8 16. Bxe6 fxe6 17. Qg6 Qd6 18. Ng5 Qe7 19. Ne2 e5 20. Nf3 exd4
21. Nexd4 Ne5 22. Nxe5 Qxe5 23. Qg3 Qxg3 24. hxg3 Ng4 1/2-1/2

[Event "Ostravský koník 2014 - FIDE Open B"]
[Site "Ostrava, CZE"]
[Date "2014.05.02"]
[Round "7"]
[White "Srámek, Vojtech"]
[Black "Soukup, Ondrej"]
[Result "1-0"]
[WhiteElo "1580"]
[BlackElo "1250"]
[PlyCount "73"]

1. e4 c5 2. Nf3 d6 3. d4 cxd4 4. Nxd4 Nf6 5. Nc3 a6 6. Be2 e5 7. Nb3 Be7 8. O-O
Be6 9. Be3 Nbd7 10. Kh1 b5 11. a3 Rc8 12. f4 O-O 13. Nd2 Nc5 14. f5 Bd7 15. Qe1
Bc6 16. Bf3 d5 17. exd5 Nxd5 18. Bxd5 Bxd5 19. Qg3 f6 20. Rad1 Qd7 21. Ndb1
Bxg2+ 22. Qxg2 Qc7 23. Nd5 Qa7 24. b4 Bd6 25. bxc5 Bxc5 26. Bxc5 Rxc5 27. Ndc3
Rfc8 28. Rd5 Rc4 29. Rfd1 Qc7 30. Rd7 Qc6 31. Qxc6 R4xc6 32. Rg1 e4 33. Nxe4
Rxc2 34. Rgxg7+ Kh8 35. Rxh7+ Kg8 36. Nxf6+ Kf8 37. Rh8# 1-0

[Event "Ostravský koník 2014 - FIDE Open B"]
[Site "Ostrava, CZE"]
[Date "2014.05.02"]
[Round "7"]
[White "Krejcok, Tobiás"]
[Black "Bok, Zdenek"]
[Result "1/2-1/2"]
[WhiteElo "1314"]
[BlackElo "1502"]
[PlyCount "48"]

1. e4 d5 2. exd5 Qxd5 3. Nc3 Qa5 4. Nf3 c6 5. Bc4 Nf6 6. O-O Bg4 7. d4 Nbd7 8.
Bd2 Qc7 9. Qe2 e6 10. Rfe1 O-O-O 11. Qe3 Nb6 12. Bb3 Bxf3 13. Qxf3 Rxd4 14. Be3
Rd8 15. Rad1 Bd6 16. g3 h6 17. Bd4 Nbd7 18. Ne4 Nxe4 19. Qxe4 e5 20. Be3 Nf6
21. Qf5+ Kb8 22. Bd2 Qd7 23. Qxd7 Rxd7 24. Bc3 Kc7 1/2-1/2

[Event "Ostravský koník 2014 - FIDE Open B"]
[Site "Ostrava, CZE"]
[Date "2014.05.02"]
[Round "7"]
[White "Vantuch, Lucian"]
[Black "Nguyen, Thai Dai Vinh"]
[Result "0-1"]
[WhiteElo "1334"]
[BlackElo "1451"]
[PlyCount "68"]

1. e4 c5 2. d4 cxd4 3. c3 dxc3 4. Nxc3 Nc6 5. Nf3 e6 6. Bf4 d6 7. Bc4 Nf6 8. e5
d5 9. exf6 Qxf6 10. Bg5 Qg6 11. Bd3 Qh5 12. h3 f6 13. Bd2 Be7 14. Qe2 O-O 15.
O-O Qf7 16. Nb5 e5 17. Bc2 a6 18. Nc3 e4 19. Nh2 f5 20. f3 d4 21. Bb3 Be6 22.
Bxe6 Qxe6 23. Nd1 e3 24. Bc1 f4 25. b3 d3 26. Qxd3 Rad8 27. Qc2 e2 28. Re1
exd1=Q 29. Rxd1 Rxd1+ 30. Qxd1 Rd8 31. Qf1 Nd4 32. Bd2 Ne2+ 33. Kh1 Ng3+ 34.
Kg1 Nxf1 0-1

[Event "Ostravský koník 2014 - FIDE Open B"]
[Site "Ostrava, CZE"]
[Date "2014.05.02"]
[Round "7"]
[White "Stefaník, Petr"]
[Black "Kosár, Attila"]
[Result "0-1"]
[WhiteElo "1456"]
[BlackElo "1831"]
[PlyCount "72"]

1. e4 d5 2. exd5 Nf6 3. c4 c6 4. Nc3 cxd5 5. cxd5 Nxd5 6. Qb3 Nxc3 7. Bc4 e6 8.
dxc3 Be7 9. Be3 O-O 10. Rd1 Qc7 11. Nf3 Nc6 12. Bd3 Bf6 13. Bg5 Bxg5 14. Bxh7+
Kxh7 15. Nxg5+ Kg8 16. O-O Qf4 17. Nf3 Kh8 18. Qb5 Qf5 19. Qc4 f6 20. Nh4 Qh7
21. Qc5 Kg8 22. Nf3 Qf5 23. Qc4 Ne5 24. Nxe5 Qxe5 25. Rfe1 Qf5 26. Rd3 a5 27.
Rh3 b5 28. Qh4 e5 29. Rf3 Qg4 30. Re4 Qxh4 31. Rxh4 Be6 32. a3 Kf7 33. Rh7 Rh8
34. Rxh8 Rxh8 35. Rd3 Ke7 36. b4 a4 0-1

[Event "Ostravský koník 2014 - FIDE Open B"]
[Site "Ostrava, CZE"]
[Date "2014.05.02"]
[Round "7"]
[White "Lipka, Petr"]
[Black "Kacír, Tomás"]
[Result "1-0"]
[WhiteElo "1676"]
[BlackElo "1771"]
[PlyCount "136"]

1. c4 e6 2. g3 Nf6 3. Bg2 d5 4. b3 dxc4 5. bxc4 g6 6. Bb2 Bg7 7. d3 O-O 8. Nf3
Nbd7 9. Nbd2 Rb8 10. Rb1 a6 11. O-O b6 12. a4 Nc5 13. Ba3 Bd7 14. Bxc5 bxc5 15.
Ne5 Rb4 16. Rxb4 cxb4 17. a5 c5 18. Nxd7 Nxd7 19. Qa4 Qc7 20. Nb3 Rc8 21. Rd1
e5 22. Bh3 f5 23. e4 Rf8 24. exf5 gxf5 25. Bg2 Rf6 26. Qa2 Nf8 27. Qe2 Kh8 28.
Qf3 Nd7 29. Qa8+ Bf8 30. Qe8 Kg7 31. Qh5 h6 32. Bd5 Qd6 33. Re1 f4 34. g4 Rg6
35. f3 Qe7 36. h4 Qf6 37. Be4 Bd6 38. Kf2 Qf7 39. Qf5 Nf6 40. Qxg6+ Qxg6 41.
Bxg6 Kxg6 42. Rg1 Nh7 43. Nd2 Nf8 44. h5+ Kh7 45. g5 Be7 46. g6+ Kg7 47. Kg2
Nd7 48. Re1 Bh4 49. Rh1 Bd8 50. Nb3 Be7 51. Kh3 Nf6 52. Re1 Nd7 53. Kg4 Kf6 54.
Nd2 Bf8 55. Ne4+ Ke6 56. Kh4 Be7+ 57. Kh3 Bf8 58. Rg1 Bg7 59. Rb1 Bf8 60. g7
Bxg7 61. Rg1 Bf8 62. Rg6+ Ke7 63. Rxa6 Kd8 64. Rc6 Nb8 65. Re6 Nd7 66. Nd2 Kc7
67. Kg4 Bg7 68. Kf5 Kd8 1-0

[Event "Ostravský koník 2014 - FIDE Open B"]
[Site "Ostrava, CZE"]
[Date "2014.05.02"]
[Round "7"]
[White "Neumann, Filip"]
[Black "Volcík, Milan"]
[Result "1/2-1/2"]
[WhiteElo "1370"]
[BlackElo "1670"]
[PlyCount "48"]

1. e4 e6 2. d4 d5 3. Nd2 c5 4. exd5 Qxd5 5. Ngf3 cxd4 6. Bc4 Qd6 7. O-O Nf6 8.
Nb3 Nc6 9. Nbxd4 Nxd4 10. Qxd4 Qxd4 11. Nxd4 a6 12. Re1 Bc5 13. Nb3 Ba7 14. Be3
b6 15. a4 Bb7 16. a5 b5 17. Bf1 Bd5 18. Bxa7 Rxa7 19. Nd4 O-O 20. c3 Rc8 21.
Rad1 g6 22. g3 Rac7 23. Bg2 Bxg2 24. Kxg2 Nd5 1/2-1/2

[Event "Ostravský koník 2014 - FIDE Open B"]
[Site "Ostrava, CZE"]
[Date "2014.05.02"]
[Round "7"]
[White "Fridrisek, Tomás"]
[Black "Sikora, Matous"]
[Result "0-1"]
[WhiteElo "1473"]
[BlackElo "1661"]
[PlyCount "86"]

1. c4 e5 2. g3 Nf6 3. Bg2 Nc6 4. Nc3 Be7 5. Nf3 O-O 6. O-O d6 7. d3 Be6 8. a3
d5 9. Ng5 Qd7 10. Qb3 Nd4 11. Qxb7 Rab8 12. Qa6 Nb3 13. Nxe6 fxe6 14. Rb1 c6
15. Qa4 Rb6 16. cxd5 exd5 17. Bg5 Qb7 18. Qh4 h6 19. Bxf6 Bxf6 20. Qg4 Nd2 21.
b4 Nxb1 22. Nxb1 a5 23. e4 axb4 24. exd5 cxd5 25. axb4 Kh8 26. Nc3 Rxb4 27.
Bxd5 Rxg4 28. Bxb7 Rd4 29. Be4 Rb8 30. Nd5 Ra4 31. Ne3 Rb2 32. Kg2 Kg8 33. Nc4
Rb8 34. Nd2 Kf7 35. h4 Ke6 36. h5 Rb2 37. Nc4 Rbb4 38. Kh3 Ra2 39. g4 Bg5 40.
f3 Bf4 41. Rh1 Rb1 42. Bf5+ Ke7 43. Rxb1 Rh2# 0-1

[Event "Ostravský koník 2014 - FIDE Open B"]
[Site "Ostrava, CZE"]
[Date "2014.05.02"]
[Round "7"]
[White "Kopcová, Ludmila"]
[Black "Kopec, Ladislav"]
[Result "1/2-1/2"]
[WhiteElo "1598"]
[BlackElo "1450"]
[PlyCount "29"]

1. e4 c5 2. Nf3 d6 3. Bb5+ Bd7 4. Bxd7+ Qxd7 5. O-O Nc6 6. Qe2 Nf6 7. Rd1 g6 8.
c3 Bg7 9. d4 cxd4 10. cxd4 O-O 11. Nc3 Qc7 12. Bg5 Rfe8 13. d5 Nb4 14. Rac1 Qd7
15. Qd2 1/2-1/2

[Event "Ostravský koník 2014 - FIDE Open B"]
[Site "Ostrava, CZE"]
[Date "2014.05.02"]
[Round "7"]
[White "Frank, Adam"]
[Black "Benes, Jaroslav"]
[Result "1/2-1/2"]
[WhiteElo "1417"]
[BlackElo "1586"]
[PlyCount "43"]

1. e4 c5 2. Nf3 e6 3. d4 cxd4 4. Nxd4 Nc6 5. Nc3 Qc7 6. Be3 a6 7. g3 Nf6 8. Bg2
Bb4 9. O-O Bxc3 10. bxc3 O-O 11. Bg5 Kh8 12. Bxf6 gxf6 13. Qf3 Qe5 14. Rad1 b5
15. Qe3 Bb7 16. Nxc6 Bxc6 17. f4 Qc7 18. Qd4 e5 19. Qd6 Qxd6 20. Rxd6 Kg7 21.
fxe5 fxe5 22. Kf2 1/2-1/2

[Event "Ostravský koník 2014 - FIDE Open B"]
[Site "Ostrava, CZE"]
[Date "2014.05.02"]
[Round "7"]
[White "Machura, Jaroslav"]
[Black "Glacner, Karel"]
[Result "1-0"]
[WhiteElo "1000"]
[BlackElo "1579"]
[PlyCount "63"]

1. e4 e5 2. Nf3 Nc6 3. Bb5 Nd4 4. Nxd4 exd4 5. d3 a5 6. a4 Qf6 7. Nd2 Qg6 8.
O-O c6 9. Bc4 d6 10. Kh1 Be6 11. f4 Bg4 12. Qe1 Be7 13. h3 h5 14. f5 Qf6 15.
Rf4 Qe5 16. Nf3 Bxf3 17. Rxf3 Qc5 18. Qg3 Qe5 19. Bf4 h4 20. Bxe5 hxg3 21. Bxg7
Rh7 22. Bxd4 Bh4 23. Rf4 c5 24. Bc3 Kd7 25. Rg4 Nf6 26. Rxh4 Rxh4 27. Bxf6 Rh7
28. Re1 Rh6 29. Bg5 Rh5 30. Bf4 Rg8 31. Bxf7 Rg7 32. Bxh5 1-0

[Event "Ostravský koník 2014 - FIDE Open B"]
[Site "Ostrava, CZE"]
[Date "2014.05.02"]
[Round "7"]
[White "Gresová, Zuzana"]
[Black "Koki, Jan"]
[Result "1-0"]
[WhiteElo "1550"]
[BlackElo "1595"]
[PlyCount "41"]

1. e4 c6 2. d4 d5 3. Nc3 dxe4 4. Nxe4 Bf5 5. Ng3 Bg6 6. Nf3 h6 7. Bc4 e6 8. Ne5
Bh7 9. Qh5 Qf6 10. O-O Ne7 11. f4 Bg6 12. Qe2 Nf5 13. Nxf5 Bxf5 14. g4 Bh7 15.
f5 Qe7 16. fxe6 f6 17. Nf7 Rg8 18. Bf4 b5 19. Bb3 Na6 20. d5 cxd5 21. Qxb5+ 1-0

[Event "Ostravský koník 2014 - FIDE Open B"]
[Site "Ostrava, CZE"]
[Date "2014.05.02"]
[Round "7"]
[White "Ocko, Dominik"]
[Black "Kubelka, Jaroslav"]
[Result "1-0"]
[WhiteElo "1480"]
[BlackElo "1550"]
[PlyCount "71"]

1. e4 c5 2. Nf3 d6 3. d4 cxd4 4. Nxd4 Nf6 5. Nc3 a6 6. Bg5 e6 7. f4 Be7 8. Qf3
Qc7 9. O-O-O Nc6 10. Be2 Rb8 11. Rhf1 h6 12. Bh4 b5 13. Bd3 Nxd4 14. Qe3 Nc6
15. Qg3 Bf8 16. Bxf6 gxf6 17. f5 Ne5 18. Be2 b4 19. Na4 Bd7 20. b3 a5 21. Nb2
Qc3 22. Qh4 Qe3+ 23. Rd2 Qg5 24. Qf2 h5 25. h4 Qh6 26. Rfd1 Rg8 27. Kb1 exf5
28. exf5 Qg7 29. Qa7 Nc6 30. Qe3+ Kd8 31. Bf3 Qg3 32. Nc4 Ne5 33. Nxd6 Bxd6 34.
Rxd6 Qxh4 35. Qa7 Qf4 36. Rxd7+ 1-0

[Event "Ostravský koník 2014 - FIDE Open B"]
[Site "Ostrava, CZE"]
[Date "2014.05.02"]
[Round "7"]
[White "Marková, Kristýna"]
[Black "Gemsová, Tereza"]
[Result "1-0"]
[WhiteElo "1474"]
[BlackElo "1272"]
[PlyCount "48"]

1. e4 e5 2. Nf3 Nc6 3. Bb5 Bc5 4. d3 d6 5. c3 Nf6 6. O-O Bg4 7. Nbd2 O-O 8. Re1
Ne7 9. Nf1 c6 10. Ba4 Qb6 11. Qe2 Ng6 12. b4 Qa6 13. Bb3 Bb6 14. a4 Bd8 15. Be3
b6 16. d4 Qxe2 17. Rxe2 Nxe4 18. Rc1 Nh4 19. dxe5 dxe5 20. b5 c5 21. Bd5 Nxf3+
22. gxf3 Bxf3 23. Bxa8 Bxe2 24. f4 Nd2 1-0

[Event "Ostravský koník 2014 - FIDE Open B"]
[Site "Ostrava, CZE"]
[Date "2014.05.02"]
[Round "7"]
[White "Mikulencáková, Jana"]
[Black "Odstrcil, Lukás"]
[Result "0-1"]
[WhiteElo "1595"]
[BlackElo "1220"]
[PlyCount "66"]

1. e4 c5 2. Bc4 d6 3. Nc3 Nf6 4. d3 g6 5. Nge2 Bg7 6. O-O O-O 7. Be3 Nc6 8. Qd2
Bd7 9. f4 Ng4 10. h3 Nxe3 11. Qxe3 e6 12. e5 d5 13. Nxd5 exd5 14. Bxd5 Qe7 15.
d4 cxd4 16. Nxd4 Nxd4 17. Qxd4 Rfd8 18. c4 Bc6 19. Qe4 Qc5+ 20. Kh1 Bxd5 21.
cxd5 Qxd5 22. Qxd5 Rxd5 23. Rad1 Rad8 24. Rxd5 Rxd5 25. Rf2 Bh6 26. g3 Bf8 27.
Kg2 Bc5 28. Re2 Kf8 29. Kf3 Rd3+ 30. Kg4 h5+ 31. Kg5 Rxg3+ 32. Kh4 Rd3 33. Rc2
Be7# 0-1

[Event "Ostravský koník 2014 - FIDE Open B"]
[Site "Ostrava, CZE"]
[Date "2014.05.02"]
[Round "7"]
[White "Palanek, René"]
[Black "Opela, Radek"]
[Result "0-1"]
[WhiteElo "1090"]
[BlackElo "1329"]
[PlyCount "58"]

1. e4 c5 2. c4 Nc6 3. Nc3 d6 4. Nf3 Nf6 5. d3 g6 6. Bg5 Bg7 7. Be2 O-O 8. O-O
Qa5 9. Qd2 a6 10. Bh6 b5 11. Bxg7 Kxg7 12. a3 bxc4 13. dxc4 Be6 14. Ng5 Nd4 15.
Nxe6+ fxe6 16. Bd3 Nb3 17. Qc2 Nxa1 18. Rxa1 Ng4 19. e5 Nxe5 20. Ne4 Nxd3 21.
Qxd3 Rf5 22. g4 Rf4 23. Ng5 Rxg4+ 24. Kh1 Rxg5 25. Qf1 Rb8 26. b4 cxb4 27. axb4
Qxb4 28. f4 Qb7+ 29. Qg2 Qxg2# 0-1

[Event "Ostravský koník 2014 - FIDE Open B"]
[Site "Ostrava, CZE"]
[Date "2014.05.02"]
[Round "7"]
[White "Lipus, Drahomír"]
[Black "Frank, Martin"]
[Result "1-0"]
[WhiteElo "1568"]
[BlackElo "1100"]
[PlyCount "53"]

1. d4 d5 2. c4 e6 3. Nf3 Nc6 4. Nc3 Bb4 5. e3 Nf6 6. Bd3 dxc4 7. Bxc4 O-O 8.
O-O Re8 9. a3 Ba5 10. b4 Bb6 11. Qc2 h6 12. Bb2 a6 13. Rfd1 Qe7 14. Rd2 e5 15.
dxe5 Nxe5 16. Nxe5 Qxe5 17. Nd5 Qg5 18. Nxf6+ gxf6 19. Rd5 Qg6 20. Qxg6+ fxg6
21. Rd6+ Kh7 22. Rxf6 Bf5 23. Rf7+ Kg8 24. Rxf5+ Kh7 25. Rf7+ Kg8 26. Rxc7+ Kf8
27. Bg7# 1-0

[Event "Ostravský koník 2014 - FIDE Open B"]
[Site "Ostrava, CZE"]
[Date "2014.05.02"]
[Round "7"]
[White "Pinko, Michal"]
[Black "Mikesch, Dalibor"]
[Result "0-1"]
[WhiteElo "1099"]
[BlackElo "1293"]
[PlyCount "58"]

1. e4 c5 2. Nf3 d6 3. Bc4 Nf6 4. Nc3 Nc6 5. Ng5 Ne5 6. Be2 e6 7. O-O d5 8. Nf3
Bd6 9. d3 O-O 10. Bf4 Nxf3+ 11. Bxf3 Bxf4 12. exd5 exd5 13. d4 cxd4 14. Qxd4
Qd6 15. Nxd5 Nxd5 16. Bxd5 Be6 17. Rad1 Rfd8 18. c3 Bxd5 19. Rfe1 Bxa2 20. Re4
Qxd4 21. Rdxd4 Rxd4 22. cxd4 Rc8 23. g3 Rc1+ 24. Kg2 Bd5 25. f3 Bxe4 26. fxe4
Be3 27. h3 Bxd4 28. e5 Kf8 29. e6 fxe6 0-1

[Event "Ostravský koník 2014 - FIDE Open B"]
[Site "Ostrava, CZE"]
[Date "2014.05.02"]
[Round "7"]
[White "Kuzel, Jaroslav"]
[Black "Gereková, Eliska"]
[Result "0-1"]
[WhiteElo "1000"]
[BlackElo "1233"]
[PlyCount "40"]

1. e4 e5 2. Nc3 Nf6 3. Nf3 Nc6 4. a3 Be7 5. Bc4 Nxe4 6. Nxe4 d5 7. Bd3 dxe4 8.
Bxe4 O-O 9. O-O Bg4 10. h3 Bh5 11. Qe2 Re8 12. Rd1 Qd7 13. d4 exd4 14. c4 Bd6
15. Re1 f5 16. Qd3 fxe4 17. Rxe4 Rxe4 18. Qxe4 Re8 19. Qd3 Bxf3 20. Qxf3 Re1#
0-1

[Event "Ostravský koník 2014 - FIDE Open B"]
[Site "Ostrava, CZE"]
[Date "2014.05.02"]
[Round "7"]
[White "Szusciková, Natálie"]
[Black "Knettig, Vojtech"]
[Result "1-0"]
[WhiteElo "1223"]
[BlackElo "1000"]
[PlyCount "73"]

1. e4 e5 2. Nf3 Nc6 3. d4 exd4 4. Bc4 h6 5. O-O Nf6 6. e5 d5 7. exf6 dxc4 8.
Re1+ Be6 9. Bf4 Bd6 10. fxg7 Rg8 11. Bxh6 Qf6 12. Qd2 O-O-O 13. Bg5 Bf4 14.
Bxf4 Rxg7 15. Bg5 Qg6 16. g3 Rd7 17. c3 dxc3 18. Qxc3 Bg4 19. Re8+ Nd8 20. Bxd8
Rxd8 21. Rxd8+ Kxd8 22. Qd4+ Ke7 23. Ne5 Qf5 24. Qc5+ Kf6 25. Nxg4+ Qxg4 26.
Nc3 Rg5 27. Qxc7 b5 28. Rd1 Re5 29. Rd6+ Re6 30. Rxe6+ fxe6 31. Nxb5 a6 32. Nd6
Qd1+ 33. Kg2 Qc2 34. Qf7+ Ke5 35. Ne8 Qxb2 36. Qf6+ Kd5 37. Qxb2 1-0

[Event "Ostravský koník 2014 - FIDE Open B"]
[Site "Ostrava, CZE"]
[Date "2014.05.02"]
[Round "7"]
[White "Fizerová, Lucie"]
[Black "Bubík, Antonín"]
[Result "0-1"]
[WhiteElo "1160"]
[BlackElo "1000"]
[PlyCount "36"]

1. e4 e5 2. Nf3 Nc6 3. Bb5 Nf6 4. O-O Nxe4 5. d4 Nxd4 6. Nxd4 exd4 7. Re1 f5 8.
f3 Bc5 9. Kf1 O-O 10. fxe4 fxe4+ 11. Kg1 d3+ 12. Kh1 d5 13. cxd3 Qh4 14. dxe4
Kh8 15. exd5 Bd6 16. h3 Bxh3 17. Kg1 Qf2+ 18. Kh1 Qxg2# 0-1

[Event "Ostravský koník 2014 - FIDE Open B"]
[Site "Ostrava, CZE"]
[Date "2014.05.03"]
[Round "8"]
[White "Kocur, Valter"]
[Black "Sladek, Vladislav"]
[Result "1/2-1/2"]
[WhiteElo "2061"]
[BlackElo "1987"]
[PlyCount "75"]

1. c4 c6 2. d4 d5 3. Nc3 Nf6 4. Nf3 e6 5. e3 Nbd7 6. b3 Bb4 7. Bd2 O-O 8. Bd3
Re8 9. O-O Bd6 10. Rc1 e5 11. Bf5 e4 12. Ne1 dxc4 13. bxc4 Nf8 14. Bxc8 Rxc8
15. f4 Qd7 16. c5 Bc7 17. Nc2 b6 18. Na4 b5 19. Nc3 a5 20. Rb1 Red8 21. Kh1 h5
22. Be1 Re8 23. Bh4 Nd5 24. Nxd5 Qxd5 25. Rb2 Ng6 26. Be1 Ne7 27. g4 hxg4 28.
Qxg4 Qf5 29. Qe2 g6 30. Rg1 Kg7 31. Rg5 Qh3 32. Rg3 Qh6 33. Qg2 Rh8 34. Rg4 Nf5
35. Bf2 Rce8 36. d5 cxd5 37. Nd4 Nxd4 38. Rh4 1/2-1/2

[Event "Ostravský koník 2014 - FIDE Open B"]
[Site "Ostrava, CZE"]
[Date "2014.05.03"]
[Round "8"]
[White "Dvorak, Vladimir"]
[Black "Sovadina, Jiri"]
[Result "1-0"]
[WhiteElo "2046"]
[BlackElo "1926"]
[PlyCount "95"]

1. e4 e5 2. Nf3 Nc6 3. d4 exd4 4. Bc4 Bc5 5. c3 Nf6 6. cxd4 Bb4+ 7. Bd2 Bxd2+
8. Nbxd2 d5 9. exd5 Nxd5 10. Qb3 Nce7 11. O-O O-O 12. Rfe1 c6 13. Ne4 Rb8 14.
a4 h6 15. a5 Be6 16. Nc5 Qc8 17. Nxe6 fxe6 18. Ne5 Rf6 19. Rac1 Ng6 20. Ng4 Rf8
21. Qg3 Qe8 22. Re4 Qf7 23. Rce1 Rbe8 24. h4 h5 25. Ne5 Nxe5 26. Rxe5 g6 27.
Rxh5 Qxf2+ 28. Qxf2 Rxf2 29. Rxd5 cxd5 30. Kxf2 dxc4 31. Ke3 Rc8 32. Kd2 Kf7
33. Re5 Kf6 34. Kc3 b6 35. Rb5 Rc6 36. axb6 axb6 37. Rb4 Kf5 38. Rb5+ Kf6 39.
Rb4 Rd6 40. Kxc4 e5 41. dxe5+ Kxe5 42. Kb5 Kd5 43. Rg4 Ke5 44. b4 Kf5 45. Rc4
Re6 46. g4+ Ke5 47. Rc6 Kf4 48. Rxe6 1-0

[Event "Ostravský koník 2014 - FIDE Open B"]
[Site "Ostrava, CZE"]
[Date "2014.05.03"]
[Round "8"]
[White "Milat, Patrik"]
[Black "Trombik, Karel"]
[Result "1/2-1/2"]
[WhiteElo "2006"]
[BlackElo "2016"]
[Annotator "Bayer,Vlastimil"]
[PlyCount "54"]

1. d4 b5 2. Nf3 e6 3. a4 b4 4. e4 Bb7 5. Bd3 Nf6 6. e5 Nd5 7. c4 bxc3 8. bxc3
c5 9. O-O cxd4 10. cxd4 Nc6 11. Nbd2 Ncb4 12. Ne4 Nxd3 13. Qxd3 Nb4 14. Qe3 Nc2
15. Qf4 Bxe4 16. Qxe4 Nxa1 17. Bg5 Be7 18. Bxe7 Kxe7 19. Rxa1 h6 20. d5 exd5
21. Qb4+ Ke8 22. Nd4 a5 23. Qd6 Rc8 24. Nb5 Qe7 25. Qa6 Rd8 26. Nc7+ Kf8 27.
Qxa5 Rc8 {necitelné} 1/2-1/2

[Event "Ostravský koník 2014 - FIDE Open B"]
[Site "Ostrava, CZE"]
[Date "2014.05.03"]
[Round "8"]
[White "Hajek, Oskar"]
[Black "snyta, Zdenek"]
[Result "1-0"]
[WhiteElo "1947"]
[BlackElo "2091"]
[PlyCount "63"]

1. e4 d5 2. exd5 Nf6 3. Bb5+ Bd7 4. Be2 Nxd5 5. d4 e6 6. Nf3 Be7 7. O-O O-O 8.
c4 Nf6 9. Nc3 c6 10. Bg5 h6 11. Bh4 Nh5 12. Bxe7 Qxe7 13. Ne5 Nf6 14. f4 Rd8
15. g4 Nh7 16. Ne4 Be8 17. c5 Nf6 18. Nd6 Nd5 19. Qd2 f6 20. Nf3 b6 21. b4 Rxd6
22. cxd6 Qxd6 23. g5 Nxf4 24. gxf6 gxf6 25. Kh1 Bh5 26. Rg1+ Kh7 27. Rg3 e5 28.
Qc2+ Kh8 29. dxe5 fxe5 30. Rd1 Nd5 31. Rxd5 Qxd5 32. Qf5 1-0

[Event "Ostravský koník 2014 - FIDE Open B"]
[Site "Ostrava, CZE"]
[Date "2014.05.03"]
[Round "8"]
[White "Kubeczka, Ales"]
[Black "Ling, Bronislav"]
[Result "1-0"]
[WhiteElo "2069"]
[BlackElo "1981"]
[PlyCount "105"]

1. d4 Nf6 2. c4 e6 3. Nc3 d5 4. cxd5 exd5 5. Bg5 Be7 6. e3 O-O 7. Bd3 c6 8. Qc2
Nbd7 9. Nf3 Re8 10. O-O Nf8 11. Ne5 N6d7 12. Bxe7 Qxe7 13. Nxd7 Bxd7 14. b4 Bg4
15. Rfb1 a6 16. Bf5 Bxf5 17. Qxf5 g6 18. Qd3 Ne6 19. a4 Nc7 20. Ra2 Qd7 21.
Rab2 b6 22. b5 cxb5 23. axb5 a5 24. Na4 Rab8 25. Rc2 Re6 26. Qb3 Rbe8 27. Nc3
R8e7 28. Na2 Kg7 29. Nc1 f6 30. Nd3 g5 31. Nc1 Qe8 32. Ne2 h5 33. Ng3 Qg6 34.
Rbc1 h4 35. Rxc7 hxg3 36. hxg3 Qe4 37. Rc8 Rd6 38. Qd1 Qg6 39. Qg4 f5 40. Qh3
Qh7 41. Qxh7+ Kxh7 42. Rb8 Ra7 43. Rc6 Rdd7 44. Rbxb6 a4 45. Rc2 a3 46. Ra2 Ra5
47. Kf1 Rda7 48. Ke2 Ra4 49. Kd2 Kg7 50. Rc6 Rb4 51. b6 Raa4 52. Rc3 Kf7 53.
Raxa3 1-0